| 000 | 00917cam a2200265 a 4500 | ||
|---|---|---|---|
| 001 | 3034463 | ||
| 003 | ARRUPE | ||
| 005 | 20140910143847.0 | ||
| 008 | 950711s1996 waua b 001 0 eng | ||
| 010 | _a 95035127 | ||
| 020 | _a0914557092 (pbk.) | ||
| 040 |
_aDLC _cDLC _dDLC |
||
| 050 | 0 | 0 |
_aBL625 _b.A297 1996 |
| 082 | 0 | 0 |
_a291.4/22/09 _220 |
| 100 | 0 |
_aAbhayananda, _cSwami, _d1938- _911235 |
|
| 245 | 1 | 0 |
_aHistory of mysticism : _bthe unchanging testament / _cby S. Abhayananda. |
| 250 | _a3rd rev. ed. | ||
| 260 |
_aOlympia, Wash. : _bATMA Books, _c1996. |
||
| 300 |
_avii, 417 p. : _bill. ; _c24 cm. |
||
| 504 | _aIncludes bibliographical references (p. 405-409) and index. | ||
| 650 | 0 |
_aMysticism _xHistory. _911236 |
|
| 906 |
_a7 _bcbc _corignew _d1 _eocip _f19 _gy-gencatlg |
||
| 942 |
_2lcc _cMONOGRAPH |
||
| 999 |
_c120830 _d120830 |
||